00405nam a2200145Ia 4500008004100000082001300041100002100054245005400075250000800129260004800137300001300185500002400198650001500222700002200237230524s9999 xx 000 0 und d a612bNAR aMargareta Nordin 0aBasic Biomechanics of the Musculoskeletal System  a3RD aLONDONbLippincott Williams & Wilkinsc2001 aXVII;459 aQuantity Number: 1 aBiomedical a Victor H.Frankel